| 000 | 01143nam a22003497a 4500 | ||
|---|---|---|---|
| 003 | CHAP | ||
| 005 | 20220329143757.0 | ||
| 008 | 110810s2005 us a r 00010 eng d | ||
| 010 | _a101775 | ||
| 011 | _a102747 | ||
| 020 | _a9780198505648 | ||
| 035 | _a113436 | ||
| 040 | _cCHAP | ||
| 082 | 0 | 4 |
_a634.9696 _bW13 |
| 100 | 1 |
_aWainhouse, David _9120809 |
|
| 245 | 1 | 0 |
_aEcological methods in forest pest management _c/por David Wainhouse |
| 260 |
_aNew York : _bOxford University, _cc2005 |
||
| 300 |
_axx, 228 p. : _bilus., gráfs., tablas |
||
| 490 | _aOxford Biology | ||
| 590 |
_aBATCH-UPD _b10 _c20130110 _lUCH01 _h1201 |
||
| 590 |
_aBATCH-UPD _b10 _c20130410 _lUCH01 _h0744 |
||
| 590 |
_aBATCH-UPD _b10 _c20130914 _lUCH01 _h0724 |
||
| 590 |
_aCONVERSION _b10 _c20130109 _lUCH01 _h1356 |
||
| 650 | 1 | 4 |
_aBosques _xPlagas. _914363 |
| 650 | 1 | 4 |
_aControl biológico de plagas. _927587 |
| 650 | 1 | 4 |
_aManejo integrado de plagas. _970365 |
| 650 | 1 | 4 |
_aPesticidas _xMedidas de Seguridad. _987564 |
| 830 |
_aOxford Biology _984451 |
||
| 901 | _aBK | ||
| 942 | _cLIBRO | ||
| 949 |
_a634.9696 W13 _bBC _cLIBRO _d33724002247033 _eLIBRO _h115522 _i113436 _si |
||
| 999 |
_c101775 _d101775 |
||